TERAPI TERHADAP PESAKIT / (Record no. 195080)

MARC details
000 -LEADER
fixed length control field 00838nam a2200265 ia4500
003 - CONTROL NUMBER IDENTIFIER
control field OSt
005 - DATE AND TIME OF LATEST TRANSACTION
control field 20240229112315.0
008 - FIXED-LENGTH DATA ELEMENTS--GENERAL INFORMATION
fixed length control field 240215s2023 my o||j |||| 00| 0 may d
020 ## - INTERNATIONAL STANDARD BOOK NUMBER
International Standard Book Number 9789672333364
Terms of availability RM39.90
Qualifying information paperback
040 ## - CATALOGING SOURCE
Original cataloging agency PPAK
Language of cataloging eng
Transcribing agency PPAK
Description conventions rda
082 04 - DEWEY DECIMAL CLASSIFICATION NUMBER
Edition number 23
Classification number 615.5
090 00 - LOCALLY ASSIGNED LC-TYPE CALL NUMBER (OCLC); LOCAL CALL NUMBER (RLIN)
Classification number (OCLC) (R) ; Classification number, CALL (RLIN) (NR) 615.5
Feature heading RAB
Feature heading K
100 0# - MAIN ENTRY--PERSONAL NAME
Personal name Rabiatul Adawiyah,
Relator term author.
245 10 - TITLE STATEMENT
Title TERAPI TERHADAP PESAKIT /
Statement of responsibility, etc. Rabiatul Adawiyah ;
264 #1 - PRODUCTION, PUBLICATION, DISTRIBUTION, MANUFACTURE, AND COPYRIGHT NOTICE
Place of production, publication, distribution, manufacture Tanjung Karang, Selangor :
Name of producer, publisher, distributor, manufacturer Waridah Resources,
Date of production, publication, distribution, manufacture, or copyright notice 2023
300 ## - PHYSICAL DESCRIPTION
Extent 32 pages :
Other physical details colour illustrations ;
Dimensions 26 cm.
336 ## - CONTENT TYPE
Content type term text
Source rdacontent
337 ## - MEDIA TYPE
Media type term unmediated
Source rdamedia
338 ## - CARRIER TYPE
Carrier type term volume
Source rdacarrier
490 1# - SERIES STATEMENT
Series statement Terapi Dalam Merawat Manusia
650 10 - SUBJECT ADDED ENTRY--TOPICAL TERM
Topical term or geographic name entry element Therapeutics
Topical term or geographic name entry element Patients
830 #0 - SERIES ADDED ENTRY--UNIFORM TITLE
Uniform title Terapi dalam merawat manusia
942 ## - ADDED ENTRY ELEMENTS (KOHA)
Source of classification or shelving scheme Dewey Decimal Classification
Koha item type Book
Holdings
Withdrawn Not for loan Current library Shelving location Date acquired Total Checkouts Full call number Barcode Date last seen Koha item type
    Perpustakaan Alor Setar Pinjaman Kanak-kanak 05/03/2024   K 615.5 RAB A01819522 05/03/2024 Book
    Perpustakaan Awam Sungai Petani Pinjaman Kanak-kanak 05/03/2024   K 615.5 RAB A01819523 05/03/2024 Book
    Perpustakaan Baling Pinjaman Kanak-kanak 05/03/2024   K 615.5 RAB A01819527 05/03/2024 Book
    Perpustakaan Bandar Baharu Pinjaman Kanak-kanak 05/03/2024   K 615.5 RAB A01819528 05/03/2024 Book
    Perpustakaan Jitra Pinjaman Kanak-kanak 05/03/2024   K 615.5 RAB A01819524 05/03/2024 Book
    Perpustakaan Kuala Nerang Pinjaman Kanak-kanak 05/03/2024   K 615.5 RAB A01819532 05/03/2024 Book
    Perpustakaan Kulim Pinjaman Kanak-kanak 05/03/2024   K 615.5 RAB A01819526 05/03/2024 Book
    Perpustakaan Langkawi Pinjaman Kanak-kanak 05/03/2024   K 615.5 RAB A01819525 05/03/2024 Book
    Perpustakaan Merbok Pinjaman Kanak-kanak 05/03/2024   K 615.5 RAB A01819529 05/03/2024 Book
    Perpustakaan Pendang Pinjaman Kanak-kanak 05/03/2024   K 615.5 RAB A01819533 05/03/2024 Book
    Perpustakaan Sik Pinjaman Kanak-kanak 05/03/2024   K 615.5 RAB A01819531 05/03/2024 Book
    Perpustakaan Yan Pinjaman Kanak-kanak 05/03/2024   K 615.5 RAB A01819530 05/03/2024 Book